000 01151nam a2200265Ia 4500
003 OSt
005 20221005104804.0
006 a|||||r|||| 00| 0
007 ta
008 221004b |||||||| |||| 00| 0 hin d
020 _a9788188077762 (hbk)
_cINR 250.00
024 _a29509
037 _b279, 03/03/2017, Eastern Book Linkers
_cTextual
040 _aCRL
_cCRL
_bhin
041 _2hin
_ahin
082 _aO152,3N104:g(Y15), Q4
100 _aज़ेहरा, फ़ातिमा, ले.
245 0 _aनारी विमर्श के संदर्भ में रांगेय राघव के उपन्यासों का मूल्यांकन
246 _aNārī vimarsha ke sandarbha mean rāangeya rāghav ke upanyāsoan kā mūlyāankana
260 _aदिल्ली
_bशब्दसृष्टि भारत
_c2014
300 _a151पृ0
_ccm.
650 _aहिन्दी कहानी
942 _hO152,3N104:g(Y15), Q4
_cTEXL
_2cc
999 _c1013796
_d1013796